000 00290nam a22001337a 4500
008 170529b xxu||||| |||| 00| 0 eng d
020 _a9780130081834
041 _aeng
080 _212TH
_a621
100 _a27
101 _aIM
245 _aTECHNICAL DRAWING
_cGIESECKE
942 _2udc
_cBK
999 _c14801
_d14801